000 00383nam a2200169Ia 4500
001 771
003 IN-NITTTR
005 20251114232902.0
008 251113s9999||||xx |||||||||||||| ||eng||
040 _beng
040 _cIN-NITTTR
041 _aeng
082 _a624.171 M825L
100 _aMorice, P. B.
245 0 _aLinear structural analysis. /
_cMorice, P. B.
942 _2ddc
_cBK
999 _c508
_d508